| 000 | 00395nam a22001697a 4500 | ||
|---|---|---|---|
| 003 | LK-CoDNM | ||
| 005 | 20240912152813.0 | ||
| 008 | 240912b |||||||| |||| 00| 0 eng d | ||
| 040 |
_aLK-CoDNM _dLK-CoDNM _eLK-CoDNM |
||
| 041 | _aeng | ||
| 080 |
_a14 _bB23 |
||
| 100 | _aGRENIER,JOSEPH | ||
| 245 | _aLEAVES FROM MY LIFE | ||
| 260 | _bCXOLOMBO | ||
| 300 | _a285P. : XXV, 25 CM | ||
| 942 | _cBK | ||
| 999 |
_c152115 _d152115 |
||